Thrash Metal Bands - Statistics

General Stats
  • This quiz has been taken 767 times
    620 since last reset
  • The average score is 19 of 38
Answer Stats
Song or Album Title Hint Answer % Correct
Master Of Puppets One of the biggest bands on the planet, featuring James Hetfield & Lars Ulrich. Metallica
97%
Among The Living NYC band featuring Scott Ian. They famously collaborated on the single "Bring the Noise" with hip hop act Public Enemy. Anthrax
95%
Peace Sells... But Who's Buying? Band Dave Mustaine formed after being kicked out of Metallica. One of the "Big Four" of thrash. Megadeth
94%
Reign In Blood Ultra fast, aggressive & highly influential California band featuring Tom Araya & Kerry King. One of the "Big Four". Slayer
93%
Bonded By Blood Pioneering California band who many think should be included in the "Big Four". Kirk Hammett was a member before Metallica. Exodus
79%
Speak English Or Die NYC crossover band featuring members of Anthrax & known for their deliberately offensive, tongue in cheek lyrics. S.O.D
73%
Pleasure To Kill One of Germany's most successful metal bands & one of the "Big Four" of Teutonic thrash. Other albums include "Enemy of God". Kreator
71%
Souls Of Black One of thrash's most well known bands outside of the "Big Four" featuring vocalist Chuck Billy. Testament
70%
The Years Of Decay Prominent East Coast thrashers featuring vocalist Bobby "Blitz" Ellsworth. They have a very distinctive green logo. Overkill
68%
Agent Orange Old testament themed German band featuring bassist/vocalist Tom Angelripper. One of the "Big Four of Teutonic thrash". Sodom
68%
Alice In Hell One of the "Big Four" of Canadian thrash, featuring classically trained guitarist Jeff Waters. Annihilator
66%
Beneath The Remains Deathy thrash metal band from Brazil, once featuring brothers Max & Igor Cavalera. Sepultura
66%
The Ultra-Violence Filipino Bay Area thrash band whose drummer joined the band when he was only 10 years old. Death Angel
55%
Darkness Descends LA band heavily influenced by Slayer and at one time featuring drummer Gene Hoglan. Other albums include "Live Scars". Dark Angel
51%
Infernal Overkill Leather clad & bullet belt wearing band originally named "Knight of Demon". One of the "Big Four" of Teutonic thrash. Destruction
51%
Institutionalized Crossover band once banned from performing in their hometown of LA due to their alleged gang affiliations & violent shows. Suicidal Tendencies
51%
Zombie Attack German band & self proclaimed "Kings of Beer" who made a career with songs about beer & partying. Tankard
51%
The Art Of Partying Popular new milennium thrash/crossover band from Virginia, known for their sense of humor & lyrics about partying. Municipal Waste
50%
Dimension Hatross Noisy thrashers from Quebec who evolved into a highly regarded progessive metal band. One of the "big four" of Canadian thrash. Voivod
46%
Dirty Rotten LP Texan band who started out as hardcore punks & were one of the pioneers of crossover. D.R.I
44%
Game Over NYC band featuring bassist Dan Lilker who formed the band after being fired from Anthrax. Nuclear Assault
44%
Forbidden Evil Bay Area thrash band featuring drummer Paul Bostaph, later recruited by Slayer. Forbidden
41%
Eternal Nightmare Weirdly hyphened Bay Area thrashers featuring guitarist Robb Flynn, who would go on to form Machine Head. Vio-lence
40%
By Inheritance Veteran Danish band named after a Tank song. One of their most well known songs is "Khomaniak". Artillery
39%
Mental Vortex Proggy Swiss thrash metallers once roadies for Celtic Frost. Other albums include "Grin" & "No More Color". Coroner
36%
Ignorance Socio-political themed group from Phoenix, Arizona. Another popular album is "The American Way". Sacred Reich
34%
Executioner's Tax Crossover/thrash revivalists from Dallas, Texas. Riley Gale, their singer, tragically died in 2020 at the age of 35. Power Trip
33%
Evil Invaders Slayer-esque speed metal/thrash band & one of Canada's "big four". Other albums include "Armed & Dangerous". Razor
29%
Terminal Redux Newer thrash band with technical/progressive leanings. Heavily influenced by Voivod & also featuring sci-fi lyrical themes. Vektor
29%
The Dark Veteran US band featuring guitarist Kurdt Vanderhoof. Their style has also been described as traditional or power metal. Metal Church
27%
In Search Of Sanity Bristol band who started out as hardcore punk. One of the "Big Four" of English thrash. Other albums include "The Force". Onslaught
27%
Shattered Existence One of the "Big Four" of English thrash. They got in trouble for using the Ghostbusters logo on a 1990 single. Xentrix
27%
Enter The Grave English thrash revivalists from Huddersfield, featuring brothers Ol & Matt Drake. Other albums include "Infected Nations". Evile
26%
Breaking The Silence Yet another Bay Area thrash band. Other albums include "Victims of Deception" & 2020's comeback album "Empire of the Blind". Heathen
23%
History Of A Time To Come One of the "Big Four" of English thrash, featuring vocalist Martin Walkyier. Known for their pagan lyrical themes. Sabbat
22%
War Without End War-themed Californian thrash metal revivalists formed in 2004 while band members were still in high school. Warbringer
21%
Forward To Termination One of the "big four" of Canadian thrash. Other albums include "Soldier of Misfortune" and "Torment in Fire". Sacrifice
18%
Survival Of The Fastest Ultra fast thrash revivalists from Northern Ireland. Other albums include "Citizen Brain". Gama Bomb
15%
No matching quizzes found
Score Distribution
Percent of People with Each Score
Percentile by Number Answered
Your Score History
You have not taken this quiz since the last reset